00447nam a2200157Ia 4500999001700000003000400017005001700021008004100038040000900079082002200088100002900110245004400139260004700183300000900230942005000239 c18800d18800OSt20200618123713.0190216s9999||||xx |||||||||||||| ||und|| coclc a954.040924bRAU/N aRau, M Chalapathi 93049 0aNehru For Children /cM Chalapathi Rau  bChildren`s Book Trust, c1967.aNew Delhi: a112p cBK2ddch954.040924iRAU/Nk954.040924mRAU/N